ALL Kansas Cities - Statistics

General Stats
  • This quiz has been taken 98 times
  • The average score is 149 of 625
Answer Stats
City % Correct
K Kansas City
91%
T Topeka
82%
M Manhattan
81%
O Olathe
78%
O Overland Park
78%
H Hutchinson
73%
L Lawrence
72%
W Wichita
72%
A Abilene
69%
A Andover
69%
P Pittsburg
67%
S Shawnee
67%
L Lenexa
65%
A Atchison
64%
D Derby
64%
D Dodge City
64%
C Colby
63%
E Emporia
63%
F Fort Scott
63%
O Ottawa
63%
L Leawood
62%
L Liberal
62%
W Washington
62%
E El Dorado
60%
N Newton
60%
S Salina
60%
H Hiawatha
59%
J Junction City
59%
L Leavenworth
59%
R Rossville
59%
S Seneca
59%
S St. Marys
59%
A Allen
58%
A Alta Vista
58%
C Concordia
58%
G Gas
58%
I Independence
58%
N Norton
58%
P Prairie Village
58%
S Sabetha
58%
T Troy
58%
W Wamego
58%
C Clay Center
56%
D De Soto
56%
G Goodland
56%
H Horton
56%
L Lansing
56%
L Leon
56%
L Lyons
56%
P Paola
56%
T Tonganoxie
56%
A Agra
55%
B Bonner Springs
55%
C Centralia
55%
E Eudora
55%
H Holton
55%
L Lewis
55%
L Louisburg
55%
O Oskaloosa
55%
S St. Paul
55%
W White City
55%
B Beattie
54%
B Bern
54%
F Florence
54%
H Halstead
54%
K Kiowa
54%
L Lancaster
54%
M Marysville
54%
N Nortonville
54%
S St. John
54%
V Victoria
54%
W Westmoreland
54%
W Whiting
54%
C Chanute
53%
C Cheney
53%
D Denton
53%
E Effingham
53%
F Frankfort
53%
G Great Bend
53%
G Gypsum
53%
H Highland
53%
M Meade
53%
N Ness City
53%
P Pretty Prairie
53%
R Russell
53%
S Sedan
53%
V Valley Falls
53%
W Wilson
53%
C Chapman
51%
C Corning
51%
C Cuba
51%
G Glen Elder
51%
G Goff
51%
H Haven
51%
I Iola
51%
O Ogden
51%
O Oneida
51%
Q Quinter
51%
R Robinson
51%
T Tescott
51%
W Walnut
51%
W Weir
51%
W Wellington
51%
A Axtell
50%
B Baxter Springs
50%
B Brewster
50%
B Buhler
50%
B Burrton
50%
C Canton
50%
E Everest
50%
F Fowler
50%
H Hesston
50%
H Hoyt
50%
K Kingman
50%
L Leona
50%
L Logan
50%
P Parsons
50%
R Reserve
50%
R Rolla
50%
S Scott City
50%
S Solomon
50%
S St. Francis
50%
W Wetmore
50%
W Woodston
50%
B Bird City
49%
E Erie
49%
G Girard
49%
I Iuka
49%
M Madison
49%
M Mankato
49%
M Medicine Lodge
49%
O Oberlin
49%
O Osage City
49%
P Peabody
49%
P Perry
49%
S Silver Lake
49%
A Abbyville
47%
A Anthony
47%
A Attica
47%
B Brookville
47%
C Clifton
47%
C Clyde
47%
C Council Grove
47%
D Denison
47%
D Douglass
47%
D Downs
47%
E Elbing
47%
E Elwood
47%
F Fairview
47%
G Goddard
47%
I Inman
47%
J Johnson City
47%
O Otis
47%
R Riley
47%
S Smith Center
47%
S Sterling
47%
T Thayer
47%
V Vermillion
47%
W Wheaton
47%
A Arlington
46%
H Hays
46%
H Holyrood
46%
H Hoxie
46%
J Jamestown
46%
L Lecompton
46%
L Little River
46%
M Muscotah
46%
P Park
46%
S St. George
46%
A Alma
45%
A Atwood
45%
B Basehor
45%
B Belleville
45%
B Benton
45%
B Bogue
45%
L Lucas
45%
M Milford
45%
M Morrill
45%
O Onaga
45%
P Park City
45%
P Peru
45%
P Powhattan
45%
T Turon
45%
W Wathena
45%
H Harveyville
44%
H Havensville
44%
H Howard
44%
J Jewell
44%
M Mayetta
44%
O Oswego
44%
P Pratt
44%
W Waterville
44%
W Waverly
44%
W Winchester
44%
B Burlington
42%
D Dighton
42%
G Galena
42%
H Harper
42%
H Herington
42%
N Nickerson
42%
P Princeton
42%
S Sawyer
42%
A Arkansas City
41%
B Beloit
41%
B Blue Rapids
41%
E Easton
41%
F Fredonia
41%
H Huron
41%
L Lincoln Center
41%
M Meriden
41%
M Mission
41%
Y Yates Center
41%
A Americus
40%
B Baldwin City
40%
C Cawker City
40%
C Clearwater
40%
E Eskridge
40%
H Holcomb
40%
M Maple Hill
40%
R Richmond
40%
U Ulysses
40%
A Andale
38%
E Esbon
38%
H Hope
38%
M Marion
38%
P Protection
38%
C Caldwell
37%
E Elk City
37%
H Hanover
37%
M Mulvane
37%
N Netawaka
37%
A Augusta
36%
D Dexter
36%
T Towanda
36%
U Uniontown
36%
W Willis
36%
A Auburn
35%
F Frontenac
35%
H Hill City
35%
H Hillsboro
35%
H Hoisington
35%
G Garden City
33%
G Gridley
33%
H Hamlin
33%
L Leonardville
33%
O Oakley
33%
O Olpe
33%
S Scandia
33%
S Scranton
33%
A Admire
32%
B Blue Mound
32%
B Burlingame
32%
E Edwardsville
32%
E Emmett
32%
O Ozawkie
32%
S Sharon
32%
S Sharon Springs
32%
W Wellsville
32%
A Alexander
31%
C Cassoday
31%
C Cimarron
31%
D Delia
31%
D Dwight
31%
H Humboldt
31%
N Neodesha
31%
C Coffeyville
29%
C Cottonwood Falls
29%
L Lebo
29%
M Maize
29%
S Severance
29%
L Leoti
28%
P Paxico
28%
U Udall
28%
Z Zurich
28%
A Altoona
27%
B Barnes
27%
L La Harpe
27%
P Prescott
27%
T Tyro
27%
H Hugoton
26%
B Bel Aire
24%
C Carbondale
24%
E Edna
24%
G Grainfield
24%
J Jetmore
24%
M McLouth
24%
R Randolph
24%
H Hamilton
23%
M Mound City
23%
A Arma
22%
G Gardner
22%
N North Newton
22%
C Copeland
21%
L Larned
21%
M McPherson
21%
S Sublette
21%
A Alton
19%
B Buffalo
19%
E Ellsworth
19%
A Agenda
18%
A Alden
18%
B Bison
17%
C Cedar
17%
C Conway Springs
17%
M McFarland
17%
W WaKeeney
17%
B Bazine
15%
L Lakin
15%
A Ashland
14%
C Cedar Vale
14%
G Green
14%
O Osborne
14%
V Valley Center
14%
B Bennington
13%
B Bucklin
13%
E Ellis
13%
F Fall River
13%
L Le Roy
13%
M Minneapolis
13%
P Phillipsburg
13%
B Belle Plaine
12%
C Circleville
12%
S Sylvia
12%
T Tribune
12%
C Columbus
10%
G Greensburg
10%
K Kismet
10%
M Moscow
10%
S Spring Hill
10%
S Strong City
10%
T Toronto
10%
W Wakefield
10%
C Cunningham
9%
D Dearing
9%
D Deerfield
9%
E Edgerton
9%
K Kensington
9%
L La Crosse
9%
L Lebanon
9%
S Syracuse
9%
A Aurora
8%
B Bushton
8%
C Cherryvale
8%
C Clayton
8%
D Damar
8%
K Kanorado
8%
L Lyndon
8%
R Ransom
8%
W Winfield
8%
C Cherokee
6%
C Coldwater
6%
G Garnett
6%
K Kirwin
6%
M Manchester
6%
M Mission Hills
6%
O Osawatomie
6%
P Pleasanton
6%
R Rexford
6%
S South Hutchinson
6%
T Tampa
6%
A Arcadia
5%
C Chase
5%
E Elkhart
5%
F Ford
5%
G Garfield
5%
H Haddam
5%
L Linn
5%
L Linwood
5%
L Louisville
5%
M Merriam
5%
O Overbrook
5%
P Parker
5%
P Pomona
5%
Q Quenemo
5%
R Roeland Park
5%
S Summerfield
5%
U Utica
5%
W Wallace
5%
W West Mineral
5%
W Westwood
5%
A Albert
4%
B Belvue
4%
B Bronson
4%
C Cambridge
4%
D Delphos
4%
D Durham
4%
E Enterprise
4%
F Fulton
4%
G Glasco
4%
G Grandview Plaza
4%
G Greeley
4%
H Hartford
4%
H Haviland
4%
H Haysville
4%
H Hudson
4%
H Hunter
4%
L La Cygne
4%
L Lake Quivira
4%
L Lane
4%
L Lincolnville
4%
L Lindsborg
4%
L Linn Valley
4%
M Marquette
4%
M Miltonvale
4%
M Moundridge
4%
M Mount Hope
4%
N Neosho Rapids
4%
P Plains
4%
P Plainville
4%
R Randall
4%
R Republic
4%
S Satanta
4%
S Sedgwick
4%
S Soldier
4%
S Stafford
4%
S Stockton
4%
W Williamsburg
4%
W Wilsey
4%
A Almena
3%
A Assaria
3%
A Atlanta
3%
B Barnard
3%
B Beverly
3%
B Burr Oak
3%
C Caney
3%
C Chetopa
3%
C Claflin
3%
C Colony
3%
C Courtland
3%
E Eastborough
3%
E Elk Falls
3%
E Ellinwood
3%
E Eureka
3%
F Fairway
3%
F Fontana
3%
F Frederick
3%
G Galva
3%
G Gem
3%
G Goessel
3%
G Gove City
3%
G Greenleaf
3%
H Hunnewell
3%
K Kanopolis
3%
K Kechi
3%
K Kinsley
3%
L Liberty
3%
L Long Island
3%
L Lorraine
3%
L Lost Springs
3%
M Mahaska
3%
M Matfield Green
3%
M Melvern
3%
M Mission Woods
3%
M Morrowville
3%
M Mulberry
3%
N Nashville
3%
N Natoma
3%
N New Strawn
3%
N Norcatur
3%
N Norwich
3%
O Offerle
3%
O Olsburg
3%
O Oxford
3%
P Palmer
3%
P Partridge
3%
P Preston
3%
R Richfield
3%
R Rush Center
3%
R Russell Springs
3%
S Simpson
3%
S South Haven
3%
S Sylvan Grove
3%
T Tipton
3%
W Waldo
3%
W Walton
3%
W Webber
3%
W Westwood Hills
3%
W Whitewater
3%
W Willard
3%
Z Zenda
3%
A Altamont
1%
A Argonia
1%
A Athol
1%
B Bartlett
1%
B Belpre
1%
B Benedict
1%
B Bentley
1%
B Brownell
1%
B Bunker Hill
1%
B Burden
1%
B Burdett
1%
B Burns
1%
B Bushong
1%
C Carlton
1%
C Chautauqua
1%
C Climax
1%
C Collyer
1%
C Colwich
1%
C Coolidge
1%
C Coyville
1%
C Culver
1%
D Danville
1%
D Dorrance
1%
D Dresden
1%
D Dunlap
1%
E Earlton
1%
E Elgin
1%
E Elmdale
1%
E Elsmore
1%
E Englewood
1%
G Galatia
1%
G Galesburg
1%
G Garden Plain
1%
G Geneseo
1%
G Geuda Springs
1%
G Glade
1%
G Gorham
1%
G Grenola
1%
G Grinnell
1%
H Hanston
1%
H Hazelton
1%
H Hepler
1%
H Hollenberg
1%
H Horace
1%
I Isabel
1%
J Jennings
1%
K Kincaid
1%
L Latham
1%
L Lehigh
1%
L Lenora
1%
L Longford
1%
L Longton
1%
L Luray
1%
M Macksville
1%
M Mapleton
1%
M Mayfield
1%
M McCracken
1%
M McCune
1%
M Menlo
1%
M Milan
1%
M Minneola
1%
M Moline
1%
M Montezuma
1%
M Moran
1%
M Morland
1%
M Mound Valley
1%
M Mullinville
1%
M Munden
1%
N Narka
1%
N Neosho Falls
1%
N New Cambria
1%
N Niotaze
1%
O Oak Hill
1%
O Oketo
1%
P Palco
1%
P Paradise
1%
P Parkerville
1%
P Pawnee Rock
1%
P Plevna
1%
P Portis
1%
P Potwin
1%
R Ramona
1%
R Rantoul
1%
R Reading
1%
R Redfield
1%
R Rose Hill
1%
R Roseland
1%
R Rozel
1%
S Savonburg
1%
S Scammon
1%
S Selden
1%
S Severy
1%
S Seward
1%
S Spearville
1%
S Speed
1%
S Spivey
1%
S Stark
1%
S Sun City
1%
V Vining
1%
V Viola
1%
V Virgil
1%
W White Cloud
1%
W Windom
1%
W Winona
1%
B Bassett
0%
B Bluff City
0%
B Byers
0%
C Cedar Point
0%
C Coats
0%
C Cullison
0%
E Edmond
0%
E Ensign
0%
F Formoso
0%
G Gaylord
0%
H Hardtner
0%
H Havana
0%
H Herndon
0%
I Ingalls
0%
L Labette
0%
L Langdon
0%
L Latimer
0%
L Liebenthal
0%
L Lone Elm
0%
M Manter
0%
M McDonald
0%
M Morganville
0%
N New Albany
0%
O Olivet
0%
O Olmitz
0%
P Parkerfield
0%
P Penalosa
0%
P Prairie View
0%
R Radium
0%
R Raymond
0%
S Schoenchen
0%
S Scottsville
0%
S Smolan
0%
S Susank
0%
T The Highlands
0%
T Timken
0%
W Waldron
0%
W Westphalia
0%
W Willowbrook
0%
W Wilmore
0%
W Woodbine
0%
No matching quizzes found
Score Distribution
Percent of People with Each Score
Percentile by Number Answered
Your Score History
You have not taken this quiz